000
00350nam a22001217a 4500
040
_c
SK
082
_a
333
100
_a
DANIDA
245
_a
Tree climbing for seed collection; ការឡើងដើមឈើដើម្បីបេះប្រមូលគ្រាប់ពូជ
260
_a
Phnom Penh
_b
DAN
_c
2002
300
_a
39p.
942
_c
KB
999
_c
9535
_d
9535